Zmena pracovnej zmluvy - dôvody

Dohodnutý obsah pracovnej zmluvy možno zmeniť len vtedy, ak sa zamestnávateľ a zamestnanec dohodnú na jeho zmene. Zamestnávateľ je povinný zmenu pracovnej zmluvy vyhotoviť písomne. Pri zmene pracovnej zmluvy je zamestnávateľ povinný jedno vyhotovenie zmeny pracovnej zmluvy vydať zamestnancovi.

Saved in:
Bibliographic Details
Main Author: Cingelová, Zuzana
Format: Book Chapter
Language:Slovak
Subjects:
Tags: Add Tag
No Tags, Be the first to tag this record!

MARC

LEADER 00000naa a2200000 4500
001 0302903
005 20240702103129.7
041 0 |a slo 
044 |a SK 
245 1 0 |a Zmena pracovnej zmluvy - dôvody  |c Zuzana Cingelová 
520 |a Dohodnutý obsah pracovnej zmluvy možno zmeniť len vtedy, ak sa zamestnávateľ a zamestnanec dohodnú na jeho zmene. Zamestnávateľ je povinný zmenu pracovnej zmluvy vyhotoviť písomne. Pri zmene pracovnej zmluvy je zamestnávateľ povinný jedno vyhotovenie zmeny pracovnej zmluvy vydať zamestnancovi. 
610 2 0 |a právo pracovné 
610 2 0 |a zmluvy pracovné 
610 2 0 |a zmeny pomeru pracovného 
610 2 0 |a zamestnanci 
610 2 0 |a zamestnávatelia 
610 2 0 |a zákonník práce 
100 1 |a Cingelová, Zuzana